000 00556nam a2200205Ia 4500
005 20250326140339.0
008 250326s9999 xx 000 0 und d
020 _a0-07-044470-6
037 _aTextbook
040 _aFMSL
_beng
_cFMSL
041 _aeng
_2eng
084 _aX:74 P2
_qFMSL
100 _aKazmi Azhar
245 0 _aBusiness policy and strategic management
_cKazmi Azhar
250 _a2
260 _aNew Delhi
_bNew Delhi, Tata McGraw-Hill
_c2002
300 _axxi,619
942 _cTB
_hX:74 P2
999 _c1285354
_d1285354